Most Guessed Country by Letter - Statistics

General Stats
  • This quiz has been taken 1,216 times
  • The average score is 19 of 26
Answer Stats
Letter Percent Guessed Answer % Correct
W N/A N/A
99%
X N/A N/A
99%
F 94% France
89%
U 97% United States
86%
C 96% Canada
85%
D 79% Denmark
83%
G 92% Germany
83%
O 55% Oman
81%
B 94% Brazil
80%
Q 44% Qatar
80%
Y 58% Yemen
80%
R 96% Russia
79%
J 92% Japan
78%
A 94% Australia
77%
Z 53% Zimbabwe
75%
H 63% Hungary
68%
I 94% Italy
68%
S 93% Spain
65%
M 95% Mexico
61%
P 87% Portugal
58%
V 72% Vietnam
58%
E 88% Egypt
55%
K 63% Kazakhstan
54%
T 83% Turkey
53%
N 84% Norway
49%
L 62% Libya
37%
No matching quizzes found
Score Distribution
Percent of People with Each Score
Percentile by Number Answered
Your Score History
You have not taken this quiz